000 00721nam a2200205 a 4500
001 000355807
003 AM-YeHGA
005 20250617131448.0
008 040730s1903 sz r 000 0 arm d
040 _aAM-YeHGA
041 1 _aarm
_hfre
100 0 _aԵմենից
245 1 0 _aՀերոսը :
_b(Մի երես յունական ապստամբութիւնից) /
_cԵմենից; Ֆրանս. թարգմ.՝ Կարնեցի.
260 _aԺընև :
_bԵւրոպայի հայ ուսանող. միութ. հրատ.,
_c1903.
300 _a31 էջ ;
_c20 սմ.
500 _aՏողատ. ծանոթ.
650 1 4 _aՊատմություն
_zՀունաստան
700 1 _aԿարնեցի
_eթարգմ.
_4trl
090 _c137724
999 _c136353
_d136353